00517 2200193 4500001002100000005001800021008004100039020001900080035002400099090001100123100002000134245004600154250001100200260004100211300002000252650002100272850001500293999001500308YOGYA-0211000000538620110210115719262 ind  a9790-116-215-9 0010-021100000005386 a346.02 aRusli, Hardiyan aHukum perjanjian Indonesia dan common Law aCet. 1 aJakartabPustaka Sinar Harapanc1992 a212 hlm.;21 cm. aHukum perjanjian aYOPDYOG[B] a97P0101032